Romancero tradicional de las lenguas hispánicas (Record no. 114840)
[ view plain ]
| 000 -LEADER | |
|---|---|
| campo de control de longitud fija | 01479nam a2200301 i 4500 |
| 001 - NÚMERO DE CONTROL | |
| campo de control | 114840 |
| 003 - IDENTIFICADOR DE NÚMERO DE CONTROL | |
| campo de control | ES-MaACL |
| 005 - FECHA Y HORA DE LA ÚLTIMA TRANSACCIÓN | |
| campo de control | 20240422105729.0 |
| 007 - CAMPO FIJO DE DESCRIPCIÓN FÍSICA--INFORMACIÓN GENERAL | |
| campo de control de longitud fija | t| |
| 008 - DATOS DE LONGITUD FIJA--INFORMACIÓN GENERAL | |
| campo de control de longitud fija | 070403m19571985sp |||| | spa d |
| 020 ## - NÚMERO INTERNACIONAL ESTÁNDAR DEL LIBRO | |
| Número Internacional Estándar del Libro | 84-249-3430-X |
| 080 ## - NÚMERO DE LA CLASIFICACIÓN DECIMAL UNIVERSAL | |
| Número de la Clasificación Decimal Universal | 821.134.2-146.2(082.2) |
| 245 00 - MENCIÓN DEL TÍTULO | |
| Título | Romancero tradicional de las lenguas hispánicas |
| Resto del título | : (español-portugués-catalán-sefardí) / |
| Mención de responsabilidad, etc. | colección de textos y notas de María Goyri y Ramón Menéndez Pidal. |
| 260 ## - PUBLICACIÓN, DISTRIBUCIÓN, ETC. | |
| Lugar de publicación, distribución, etc. | Madrid : |
| Nombre del editor, distribuidor, etc. | Gredos, |
| Fecha de publicación, distribución, etc. | 1957-[1985] |
| 300 ## - DESCRIPCIÓN FÍSICA | |
| Extensión | v. <12> : |
| Otras características físicas | mús. ; |
| Dimensiones | 25 cm. |
| 505 8# - NOTA DE CONTENIDO CON FORMATO | |
| Nota de contenido con formato | 1. Romanceros del Rey Rodrigo y de Bernardo del Carpio -- 2. Romanceros de los Condes de Castilla y del Infantes de Lara -- 3-5. Romances de tema odiséico -- 6-8. Gerineldo, el paje y la infanta -- 9. Romancero rústico --10-11. La dama y el pastor --12. La muerte ocultada / |
| Mención de responsabilidad | edición y estudio de B. Mariscal de Rhett (1984-1985) |
| 594 ## - Nota al título y mención de responsabilidad | |
| Nota al título y mención de responsabilidad | En port.: Seminario Menéndez Pidal. Universidad Complutense de Madrid. |
| 650 14 - PUNTO DE ACCESO ADICIONAL DE MATERIA--TÉRMINO DE MATERIA | |
| Término de materia o nombre geográfico como elemento de entrada | Romances- |
| Subdivisión geográfica | España. |
| 9 (RLIN) | 16935 |
| 700 1# - ENTRADA AGREGADA--NOMBRE PERSONAL | |
| Nombre de persona | Goyri de Menéndez Pidal, María. |
| 9 (RLIN) | 59416 |
| 700 1# - ENTRADA AGREGADA--NOMBRE PERSONAL | |
| Nombre de persona | Menéndez Pidal, Ramón, |
| Fechas asociadas al nombre | 1869-1968 |
| 9 (RLIN) | 80315 |
| 700 1# - ENTRADA AGREGADA--NOMBRE PERSONAL | |
| Nombre de persona | Mariscal de Rhett, Beatriz. |
| 9 (RLIN) | 76893 |
| 700 1# - ENTRADA AGREGADA--NOMBRE PERSONAL | |
| Nombre de persona | Catalán, Diego. |
| 9 (RLIN) | 37019 |
| 700 1# - ENTRADA AGREGADA--NOMBRE PERSONAL | |
| Nombre de persona | Sánchez Romeralo, Antonio. |
| 9 (RLIN) | 102898 |
| 700 0# - ENTRADA AGREGADA--NOMBRE PERSONAL | |
| Nombre de persona | Lapesa, Rafael, |
| Fechas asociadas al nombre | 1908-2001 |
| 9 (RLIN) | 70146 |
| 710 2# - ENTRADA AGREGADA--NOMBRE DE ENTIDAD CORPORATIVA | |
| Nombre de entidad corporativa o nombre de jurisdicción como elemento de entrada | Universidad Complutense de Madrid. |
| Unidad subordinada | Seminario Menéndez Pidal. |
| 9 (RLIN) | 7134 |
| 852 ## - LOCALIZACIÓN | |
| Ubicación | ES-MaACL |
| Número de control de estantería | P-405 |
| Estatus retirado | Estado de pérdida | Estado de daño | No para préstamo | Biblioteca de origen | Biblioteca actual | Ubicación en estantería | Fecha de adquisición | Fuente de adquisición | Total de préstamos | Signatura topográfica completa | Código de barras | Visto por última vez | Precio de reemplazo | Tipo de ítem Koha |
|---|---|---|---|---|---|---|---|---|---|---|---|---|---|---|
| Biblioteca del Ateneo de Madrid | Biblioteca del Ateneo de Madrid | Depósito 2 | 17/01/2008 | P-405 | 1119756 | 23/02/2023 | 23/02/2023 | Libro impreso |
